Planning - delivering for Wales (Record no. 103349)

MARC details
000 -LEADER
fixed length control field 00768cam a2200205 4500
001 - CONTROL NUMBER
control field J125127
008 - FIXED-LENGTH DATA ELEMENTS--GENERAL INFORMATION
fixed length control field 040212n2002 000 0 eng u
035 ## - SYSTEM CONTROL NUMBER
System control number (Sirsi) u125127
041 ## - LANGUAGE CODE
Language code of text/sound track or separate title eng
050 ## - LIBRARY OF CONGRESS CALL NUMBER
Classification number 711.109429
-- 18
110 ## - MAIN ENTRY--CORPORATE NAME
Corporate name or jurisdiction name as entry element Wales
Subordinate unit Welsh Assembly Government
245 ## - TITLE STATEMENT
Title Planning - delivering for Wales
Remainder of title consultation paper
260 ## - PUBLICATION, DISTRIBUTION, ETC.
Place of publication, distribution, etc. Cardiff
Name of publisher, distributor, etc. NAFW
Date of publication, distribution, etc. 2002
520 ## - SUMMARY, ETC.
Summary, etc. Consultation paper from the Welsh assembly government outlining plans for reforming the planning system in Wales. View at www.wales.gov.uk
650 ## - SUBJECT ADDED ENTRY--TOPICAL TERM
Topical term or geographic name entry element PLANNING REFORM
650 ## - SUBJECT ADDED ENTRY--TOPICAL TERM
Topical term or geographic name entry element WALES
690 ## - LOCAL SUBJECT ADDED ENTRY--TOPICAL TERM (OCLC, RLIN)
Topical term or geographic name as entry element PLANNING
856 ## - ELECTRONIC LOCATION AND ACCESS
Uniform Resource Identifier <a href="https://www.wales.gov.uk/subiplanning/content/consultationpapers/delivering/index-e.htm">https://www.wales.gov.uk/subiplanning/content/consultationpapers/delivering/index-e.htm</a>
Public note View the consultation on the NAFW website...
942 ## - ADDED ENTRY ELEMENTS (KOHA)
Suppress in OPAC 0
Holdings
Withdrawn status Lost status Source of classification or shelving scheme Damaged status Not for loan Home library Current library Shelving location Date acquired Total Checkouts Full call number Barcode Date last seen Copy number Price effective from Koha item type
    Dewey Decimal Classification     Virtual Virtual Online 12/02/2004   ONLINE PUBLICATION 125127-1001 06/08/2019 1 06/08/2019 Book